Responses for show #8334 - Thursday, February 11, 2021

Contestants

[<< previous game]

Stan Park, a virtual events producer from Oakland, California

Kate Willcox, an attorney originally from Miamisburg, Ohio

John Focht, a software team lead originally from El Paso, Texas (whose 3-day cash winnings total $83,800)

[next game >>]

Jeopardy! Round responses

WHAT HAPPENS IN CHAPTER 1?
1930s AMERICA
BEVERAGES
SUPERSTITION
TV
ANIMALS IN GERMAN
    $200 1
The Three Musketeers

John
    $200 30
Prohibition

Stan
    $200 22
(Kate: What is ice?)

vodka

KateStan
    $200 15
a penny

John
    $200 9
nanny

Kate
    $200 16
a sheep

John
    $400 2
The Grapes of Wrath

John
    $1,600 29
a new deal

Kate
    $400 24
Perrier

Kate
    $400 12
a ladder

Kate
    $400 10
M*A*S*H

Stan
    $400 17
a pig

Stan
    $600 3
(Ken: That's Camus's, [*].)

The Stranger

Triple Stumper
    $600 26
Radio City Music Hall

John
    $600 25
fermentation

John
    $600 11
the mirror

Kate
    $600 6
Family Matters

Kate
    $600 19
a hippo

Triple Stumper
    $800 4
Ulysses

Kate
    $800 27
Howard Hughes

Stan
    $800 18
kombucha

Kate
    $800 13
The Last Supper

John
    $800 7
Zendaya

John
    $800 20
horses

Kate
    $1000 5
One Hundred Years of Solitude

Stan
    $1000 28
Frank Lloyd Wright

Kate
    $1000 23
applejack

Triple Stumper
    $1000 14
(Kate: What is Mauna Kea?)

Pele

Kate
Triple Stumper
    $1000 8
(John : What is Texas?)

Lone Star

John
Triple Stumper
    $1000 21
(Ken: That's right; and it's mane.)

a lion

John

Scores at the first commercial break (after clue 15):

John Kate Stan
$1,400 $1,600 $1,400

Scores at the end of the Jeopardy! Round:

John Kate Stan
$3,800 $6,000 $3,000

Double Jeopardy! Round responses

SUBURBS
THE SAME VOWEL, FRONT & BACK
JUST "US" MYTHICAL FOLKS
MARITIME DISASTERS
THE TITLE INSTRUMENT
STEM
(Ken: In honor of International Day of Women & Girls in Science, in partnership with Olay, the STEM category will be presented by Procter & Gamble's principal scientist, Dr. Frauke Neuser.)
    $400 16
Chicago

Stan
    $400 2
agua

Stan
    $400 6
Odysseus

Kate
    $400 24
the Titanic

Stan
    $400 11
Guitar

John
    $400 21
long division

John
    $800 17
(John: What is landmine?)
(Stan: What is grenade?)

an expanding bullet

JohnStan
Triple Stumper
    $3,000 1
eclipse

Stan
    $800 7
Uranus

Kate
    $800 25
1898

John
    $800 12
Tambourine

John
    $800 22
Google

Triple Stumper
    $1200 18
Tokyo

Stan
    $1200 3
(John: What is academy?)

an edifice

John
Triple Stumper
    $1200 8
Janus

John
    $1200 28
(Kate: What is Erie?)

Lake Superior

Kate
Triple Stumper
    $1200 13
Gong

John
    $1200 23
civil engineering

Stan
    $1600 19
St. Denis

John
    $1600 4
Urdu

Kate
    $3,800 9
Prometheus

John
    $1600 29
the Costa Concordia

Triple Stumper
    $1600 14
Bugle

Stan
    $1600 26
conservation

John
    $2000 20
Minneapolis

Stan
    $2000 5
olio

Stan
    $2000 10
(Ken: Yes, the word, tantalize.)

Tantalus

Kate
    $2000 30
(Ken: That was a bit of a disaster for us as well.)
[Laughter]

the Andrea Doria

Triple Stumper
    $2000 15
Piano

Stan
    $2000 27
Dr. Joseph Lister

Triple Stumper

Scores at the end of the Double Jeopardy! Round:

John Kate Stan
$13,600 $9,600 $16,400

[wagering suggestions for these scores]

Final Jeopardy! Round responses

THE OSCARS
(Ken: This man is, I believe, still the winningest Oscar recipient in history, more than any other person.)
KateWho is Herzog?
$9,500
JohnWho is Walt Disney?
$6,400
StanWho is Orson Wells?
$10,801
Walt Disney

Final scores:

John Kate Stan
$20,000 $100 $5,599
4-day champion: $103,800 3rd place: $1,000 2nd place: $2,000

Game dynamics:

Coryat scores:

John Kate Stan
$11,400 $8,400 $14,200
18 R
(including 1 DD),
3 W
14 R
(including 1 DD),
3 W
16 R
(including 1 DD),
1 W

Combined Coryat: $34,000

The J! Archive is created by fans, for fans. The Jeopardy! game show and all elements thereof, including but not limited to copyright and trademark thereto, are the property of Jeopardy Productions, Inc. and are protected under law. This website is not affiliated with, sponsored by, or operated by Jeopardy Productions, Inc. Join the discussion at JBoard.tv.